Odpadové vlákna a ich vplyv na vlastnosti cementových kompozitov.
Salvato in:
| Autore principale: | |
|---|---|
| Altri autori: | |
| Natura: | Manoscritto Libro |
| Lingua: | slovacco |
| Pubblicazione: |
2022
|
| Soggetti: | |
| Accesso online: | http://is.stuba.sk/zp/portal_zp.pl?podrobnosti=172319 https://opac.crzp.sk/?fn=detailBiblioForm&sid=D9F0BB0A8DA992698DA891D31B33 |
| Tags: |
Nessun Tag, puoi essere il primo ad aggiungerne!!
|
MARC
| LEADER | 00000ntm a22000003a 4500 | ||
|---|---|---|---|
| 001 | stuzp90009 | ||
| 003 | SK-STU | ||
| 005 | 20230509094241.4 | ||
| 007 | ta | ||
| 008 | 150427s2015----xo-----f-mn---000-0-slo-d | ||
| 040 | |a STU |b slo | ||
| 041 | 0 | |a slo | |
| 100 | 1 | |a Minárik, Róbert |u 010200 |4 aut |U SvF Stavebná fakulta |T SvF Katedra materiálového inžinierstva a fyziky |X 63256 |U V200 |Y 844 |7 63256 | |
| 242 | 0 | 1 | |a Waste fibers and their influence on the properties of cement composites |y eng |
| 245 | 1 | 0 | |a Odpadové vlákna a ich vplyv na vlastnosti cementových kompozitov. |
| 260 | |c 2022 | ||
| 650 | 4 | |a Odpadové vlákna |2 slo | |
| 650 | 4 | |a Vláknobetón |2 slo | |
| 650 | 4 | |a Vlákna |2 slo | |
| 650 | 4 | |a Fibers |2 eng | |
| 650 | 4 | |a Fiber concrete |2 eng | |
| 650 | 4 | |a Waste fibers |2 eng | |
| 700 | 1 | |a Ledererová, Miriam |u 010200 |k Z1 |4 ths |U SvF Stavebná fakulta |T SvF Katedra materiálového inžinierstva a fyziky |X 812 |U V200 |Y 844 |7 A000000812 | |
| 856 | 4 | |u http://is.stuba.sk/zp/portal_zp.pl?podrobnosti=172319 | |
| 856 | 4 | |u https://opac.crzp.sk/?fn=detailBiblioForm&sid=D9F0BB0A8DA992698DA891D31B33 | |